Statistiques concernant Coupes du Monde de Football: plus grand et plus petit pays en superficie par édition

Cliquez ici pour prendre le quiz!

Statistiques générales

  • Ce quiz a été pris 998 fois
    (444 depuis la dernière actualisation)
  • Le résultat moyen est 9 sur 16

Statistiques - réponses

Réponse% Correct
URSS
97%
Russie
95%
Brésil
92%
Etats-Unis
92%
Canada
81%
Qatar
67%
Suisse
60%
Belgique
59%
Pays-Bas
46%
Slovénie
32%
Jamaïque
27%
Haïti
24%
Koweït
24%
Trinité-et-Tobago
24%
Irlande du Nord
21%
Israël
21%

Distribution des résultats

Percentile par nombre de réponses

% des personnes avec chaque résultat

Votre développement - résultats

Vous n’avez pas pris ce quiz depuis la dernière actualisation